World heart journal

Bibliographic Details
Corporate Author: International College of Cardiology
Format: Electronic Journal
Language:English
Published: Hauppauge, N.Y. : Nova Science
Subjects:
Online Access:Full text available from Research Library: 01/01/2011 to present

MARC

LEADER 00000nas a22000007i 4500
001 ssj0001454676
003 WaSeSS
005 20200512172242.0
006 m d
007 cr n
008 100427c20089999nyuqr pss 0 a0eng
010 |a  2018200869 
022 |a 2577-6584  |y 1556-4002 
035 |a (WaSeSS)ssj0001454676 
040 |a OCLCS  |b eng  |c OCLCS  |d OCLCS  |d OCLCQ  |d OCLCO  |d Z5A  |d OCLCO  |d OCLCF  |d OCLCO  |d OCLCQ  |d OCLCO  |d OCLCQ  |d LVT  |d DLC  |d WYU  |d WaSeSS 
042 |a pcc  |a nsdp 
060 4 |a W1  |b WO88B 
082 1 4 |a 616  |2 14 
210 0 |a World heart j.  |b (Online) 
222 0 |a World heart journal  |b (Online) 
245 0 0 |a World heart journal  |h [electronic resource]. 
246 1 3 |a WHJ 
260 |a Hauppauge, N.Y. :  |b Nova Science 
310 |a Quarterly 
362 1 |a Print began with v. 1, no. 1 (June 2008). 
506 |a License restrictions may limit access. 
588 |a Description based on: Volume 7, number 3 (2015);title from PDF cover image (Nova Science website, viewed on April 6, 2018).. 
588 |a Latest issue consulted: Volume 9, number 4 (2017) (viewed on April 6, 2018). 
650 0 |a Heart  |x Diseases  |v Periodicals. 
650 7 |a Heart  |x Diseases.  |2 fast  |0 (OCoLC)fst00953527 
650 1 2 |a Heart Diseases. 
655 0 |a Electronic journals. 
710 2 |a International College of Cardiology. 
776 0 8 |i Print version:  |t World heart journal  |x 1556-4002  |w (DLC) 2005215548  |w (OCoLC)60645287 
856 4 0 |z Full text available from Research Library: 01/01/2011 to present  |u https://search.proquest.com/publication/2034815